| 000 | 00990cam a2200265 4500 | ||
|---|---|---|---|
| 001 | |||
| 008 | 040607n2000 000 0 eng u | ||
| 020 | _a187648079 | ||
| 035 | _a(Sirsi) u126428 | ||
| 041 | _aeng | ||
| 050 |
_a333.3303 _c18 |
||
| 110 |
_aAustralian Property Institute _94013 |
||
| 245 | _aGlossary of property terms | ||
| 260 |
_aBrisbane _bAPI _c2000 |
||
| 300 |
_a191p. _c30cm. |
||
| 350 | _a99 | ||
| 520 | _aA glossary of property terms prepared for the Australian property market. Arranged alphabetically and includes a categorically listed index to identify terms from major areas such as investment, finance, sales, leasing, office/commercial, retail, industrial, hotel/tourism, property management, entertainment, planning and development. | ||
| 650 | _aDICTIONARIES | ||
| 650 | _aGLOSSARY | ||
| 650 | _aPROPERTY SECTOR | ||
| 650 | _aAUSTRALIA | ||
| 690 | _aPROPERTY-COMMERCIAL PROPERTY | ||
| 710 |
_aProperty Council of Australia _93603 |
||
| 942 | _n0 | ||
| 999 |
_c103617 _d103617 |
||